000 00699cam a22002533a 4500
001 1844
003 PGUSA
005 20140828083007.0
008 990801s1999||||xxu|||||s|||||000 | eng d
040 _aPGUSA
_beng
042 _adc
050 4 _aPA
100 1 _aAscham, Roger,
_d1515-1568
245 1 4 _aThe Scholemaster
_h[electronic resource] /
_cRoger Ascham
260 _bProject Gutenberg,
_c1999
500 _aHTML
506 _aPublic domain in the USA.
516 _aElectronic text
653 _aLatin language -- Grammar -- Early works to 1800
740 0 _aThe Schoolmaster
830 0 _aProject Gutenberg
_v1844
856 4 0 _uhttp://www.gutenberg.org/ebooks/1844
942 _cEB
999 _c231187
_d231187